Sports Quiz

Random Sports or NFL Quiz

2009 NFL QB Starters Quiz Stats

 Plays Quiz not verified by Sporcle

Score 0/32 Timer 03:00
0 Plays Today
Team QB % Correct
Indianapolis ColtsPeyton Manning
97.8%
New York GiantsEli Manning
97.7%
New Orleans SaintsDrew Brees
95.6%
New England PatriotsTom Brady
95.3%
Dallas CowboysTony Romo
95%
Philadelphia EaglesDonovan McNabb
94.6%
Minnesota VikingsBrett Favre
93.9%
Green Bay PackersAaron Rodgers
93.7%
Chicago BearsJay Cutler
93.5%
San Diego ChargersPhilip Rivers
92.7%
Arizona CardinalsKurt Warner
92.4%
Atlanta FalconsMatt Ryan
91.9%
Cincinnati BengalsCarson Palmer
91.7%
New York JetsMark Sanchez
91.1%
Baltimore RavensJoe Flacco
91%
Denver BroncosKyle Orton
89.7%
Team QB % Correct
Detroit LionsMatt Stafford
89.4%
Pittsburgh SteelersBen Roethlisberger
89.2%
Seattle SeahawksMatt Hasselbeck
87.7%
Carolina PanthersJake Delhomme
87.1%
Houston TexansMatt Schaub
86.2%
Oakland RaidersJaMarcus Russell
85.3%
Tennessee TitansKerry Collins
85%
St. Louis RamsMarc Bulger
83.4%
Washington RedskinsJason Campbell
82.7%
Cleveland BrownsBrady Quinn
82.2%
Miami DolphinsChad Pennington
81.9%
Jacksonville JaguarsDavid Garrard
81.4%
Buffalo BillsTrent Edwards
76.7%
San Francisco 49ersShaun Hill
53.8%
Tampa Bay BuccaneersByron Leftwich
46%
Kansas City ChiefsBrodie Croyle
38%

You're not logged in!

Compare scores with friends on all Sporcle quizzes.
Join for Free
OR
Log In

You Might Also Like...

Show Comments

Extras

Top Quizzes Today


Score Distribution

Your Account Isn't Verified!

In order to create a playlist on Sporcle, you need to verify the email address you used during registration. Go to your Sporcle Settings to finish the process.

Report this User

Report this user for behavior that violates our Community Guidelines.

Details: